000 00223nam a2200085Ia 4500
245 0 _aThe battle for Gullywith
100 _a Hill, Susan London, 2009
_982701
942 _cBK
008 210817s9999 xx 000 0 und d
999 _c401037
_d401036